| 000 | 00000nam##2200000za#4500 |
| 001 | 9.635194 |
| 003 | CaOODSP |
| 005 | 20220505163029 |
| 007 | cr ||||||||||| |
| 008 | 150407|2008||||xxc|||||o f|0| 0 fre|d |
| 020 | |a978-0-662-08540-9 |
| 040 | |aCaOODSP|bfre |
| 043 | |an-cn--- |
| 086 | 1 |aHP60-2/2008F-PDF |
| 110 | 2 |aAgence de santé publique du Canada. |
| 245 | 10|aAgence de la santé publique du Canada, Laboratoire national de microbiologie, rapport des accomplissements : |h[ressource électronique]|bexcellence, innovation, leadership |
| 260 | |aOttawa - Ontario : |bAgence de santé publique du Canada |cc2008. |
| 300 | |a12p.|bfigures en couleur, graphiques, photographies |
| 520 | 3 |aSouligne les principales réalisations et donne un aperçu de leur orientation future. |
| 590 | |a12-27-Supp|b2012-06-12 |
| 691 | 07|aSciences de la santé|2gcpds |
| 691 | 07|aMicrobiologie|2gcpds |
| 775 | 08|tPublic Health Agency of Canada, National Microbiology Laboratory report of accomplishments : |w(CaOODSP)9.690849 |
| 776 | 0#|tPublic Health Agency of Canada, National Microbiology Laboratory report of accomplishments : |w(CaOODSP)9.669967 |
| 776 | 0#|tAgence de la santé publique du Canada, Laboratoire national de microbiologie, rapport des accomplissements : |w(CaOODSP)9.669968 |
| 856 | 40|ahttp://publications.gc.ca|qPDF|s679 Ko|uhttps://publications.gc.ca/collections/collection_2012/aspc-phac/HP60-2-2008-fra.pdf |